<?xml version="1.0" encoding="UTF-8"?><?xml-stylesheet type="text/xsl" href="static/style.xsl"?><OAI-PMH xmlns="http://www.openarchives.org/OAI/2.0/" xmlns:xsi="http://www.w3.org/2001/XMLSchema-instance" xsi:schemaLocation="http://www.openarchives.org/OAI/2.0/ http://www.openarchives.org/OAI/2.0/OAI-PMH.xsd"><responseDate>2026-04-13T03:10:57Z</responseDate><request verb="GetRecord" identifier="oai:www.recercat.cat:2117/399831" metadataPrefix="marc">https://recercat.cat/oai/request</request><GetRecord><record><header><identifier>oai:recercat.cat:2117/399831</identifier><datestamp>2025-07-23T04:42:58Z</datestamp><setSpec>com_2072_1033</setSpec><setSpec>col_2072_452951</setSpec></header><metadata><record xmlns="http://www.loc.gov/MARC21/slim" xmlns:dcterms="http://purl.org/dc/terms/" xmlns:xsi="http://www.w3.org/2001/XMLSchema-instance" xmlns:doc="http://www.lyncode.com/xoai" xsi:schemaLocation="http://www.loc.gov/MARC21/slim http://www.loc.gov/standards/marcxml/schema/MARC21slim.xsd">
   <leader>00925njm 22002777a 4500</leader>
   <datafield ind2=" " ind1=" " tag="042">
      <subfield code="a">dc</subfield>
   </datafield>
   <datafield ind2=" " ind1=" " tag="720">
      <subfield code="a">Puntí Buxaderas, Pere</subfield>
      <subfield code="e">author</subfield>
   </datafield>
   <datafield ind2=" " ind1=" " tag="260">
      <subfield code="c">2023-10-16</subfield>
   </datafield>
   <datafield ind2=" " ind1=" " tag="520">
      <subfield code="a">En aquest Treball Final de Grau s’ha estudiat la viabilitat d’implementar un nou sistema de&#xd;
suspensió al vehicle que dissenya, fabrica i defensa en la competició de Formula Student,&#xd;
l’equip Dynamics UPC de l’Escola Politècnica Superior d’Enginyeria de Manresa (EPSEM).&#xd;
Aquest nou sistema desacobla el moviment vertical del pneumàtic (Heave) i el moviment de&#xd;
rotació del xassís respecte de l’eix x (Roll), anomenat sistema de suspensió Roll-Heave</subfield>
   </datafield>
   <datafield ind2=" " ind1=" " tag="520">
      <subfield code="a">In this Final Degree Thesis we have studied the feasibility of implementing a new suspension&#xd;
system in the vehicle designed, manufactured and defended in the Formula Student&#xd;
competition by the Dynamics UPC team of l’Escola Politècnica Superior d’Enginyeria de&#xd;
Manresa (EPSEM). This new system deactivates the vertical movement of the tyre (Heave)&#xd;
and the rotational movement of the chasssis with respect to the x-axis (Roll), the Roll-Heave&#xd;
suspension system.</subfield>
   </datafield>
   <datafield tag="653" ind2=" " ind1=" ">
      <subfield code="a">Àrees temàtiques de la UPC::Enginyeria mecànica::Disseny i construcció de vehicles::Automòbils</subfield>
   </datafield>
   <datafield tag="653" ind2=" " ind1=" ">
      <subfield code="a">Automobiles -- Springs and suspension</subfield>
   </datafield>
   <datafield tag="653" ind2=" " ind1=" ">
      <subfield code="a">Automobiles, Racing</subfield>
   </datafield>
   <datafield tag="653" ind2=" " ind1=" ">
      <subfield code="a">Formula Student</subfield>
   </datafield>
   <datafield tag="653" ind2=" " ind1=" ">
      <subfield code="a">Sistema de suspensió</subfield>
   </datafield>
   <datafield tag="653" ind2=" " ind1=" ">
      <subfield code="a">Automòbils -- Ressorts i suspensió</subfield>
   </datafield>
   <datafield tag="653" ind2=" " ind1=" ">
      <subfield code="a">Automòbils de competició</subfield>
   </datafield>
   <datafield ind2="0" ind1="0" tag="245">
      <subfield code="a">Disseny i simulació d'un sistema de suspensió per a un cotxe de Formula Student</subfield>
   </datafield>
</record></metadata></record></GetRecord></OAI-PMH>